000 00713nam a2200229 a 4500
999 _c3063
_d3063
001 3063
003 BD-JhCC
005 20171111183951.0
008 171109s1966 bg |||| |||| 000 0 ben d
035 _a(BD-JhCC)3063
040 _aBD-JhCC
_dBD-JhCC
041 _aben
082 _222
_a891.442
_bIBS 1966
100 _aইবসেন, হেনরিক
_c1828-1906.
245 _aপুতুলে সংসার /
_cহেনরিক ইবসেন, আবদুল হক [অনু.]
260 _aঢাকা :
_bবাংলা একাডেমী,
_c1966.
300 _a132 p. :
_c22 cm.
650 _aBengali Drama
700 _aহক, আবদুল
942 _2ddc
_cBK